000 00755cam a2200145 4500
001 WS108084
008 000000n 000 0 eng u
035 _a(Sirsi) u108084
110 _aAssociation for Project Management
_93835
245 _aAssociation for Project Management
520 _aDetailed site for this UK based organisation. Includes the 'APM Body of Knowledge' which is the essence of what they consider to be the knowledge and experience that people involved in the formal management of projects need to have and the '40 Key Competencies' which are the 40 main skills which project managers need.
690 _aProject management
_96261
856 4 0 _uhttps://www.apm.org.uk
_zView the website free of charge at www.apm.org.uk...
942 _n0
999 _c119618
_d119618